Vplyv krízy na marketingový manažment

Globálna kríza zasiahla všetky krajiny, odvetvia hospodárstva, premietla sa v zmene spotrebiteľského správania, v poklese spotrebiteľského dopytu. Napriek boju o prežitie niektoré firmy našli v kríze zdroj konkurenčnej výhody.

Salvato in:
Dettagli Bibliografici
Autore principale: Dzurová, Mária
Natura: Capitolo di libro
Lingua:slovacco
Soggetti:
Tags: Aggiungi Tag
Nessun Tag, puoi essere il primo ad aggiungerne!!

MARC

LEADER 00000nla$a2200000$$$4500
001 0147081
005 20240502072645.9
041 0 |a slo 
044 |a SK 
245 1 0 |a Vplyv krízy na marketingový manažment  |c Mária Dzurová 
520 |a Globálna kríza zasiahla všetky krajiny, odvetvia hospodárstva, premietla sa v zmene spotrebiteľského správania, v poklese spotrebiteľského dopytu. Napriek boju o prežitie niektoré firmy našli v kríze zdroj konkurenčnej výhody. 
610 2 0 |a kríza hospodárska 
610 2 0 |a marketing manažment 
610 2 0 |a stratégia marketingová 
100 1 |a Dzurová, Mária